01000nam a2200265 a 450000100060000000300080000600500170001400800410003103500190007203500110009104000270010204100080012908200210013710000490015824501500020726000630035730000210042050000200044165000510046165100410051270000330055394200120058699900170059895201190061543063BD-RjUL20211209053636.0160619s19691958maua b 001 0 eng d a(BD-RjUL)43181 a978330 aANLbengcANLdBD-RjUL aeng04a942.27bGRE 19691 aGras, Norman Scott Briend1884-1956.913223614aThe economic and social history of an English village :b(Crawley, Hampshire) A.D. 909-1928 /cby Norman Scott Brien Gras and Ethel Culbert Gras. aCamb., Mass. :bHarvard Univ. Press,c1958 [Reissued 1969] a730 p. ;c21 cm. aIncluding index 0aVillageszEnglandzHampshirexHistory.9132237 0aCrawley (Hampshire, England)91322381 aGras, Ethel Culbert.9132239 2ddccBK c43063d43063 00102ddc40708NFICaRUCLbRUCLcStackd1985-09-19l0o942.27 GRE 1969r2016-06-19 00:00:00tC-2w2016-06-19yBK